Statistics for Green Day Trivia (Med)

Click here to take the quiz!

General Stats

  • This quiz has been taken 20 times
  • The average score is 7 of 15

Answer Stats

HintAnswer% Correct
What year was Green Day formed?1986
86%
What album has the song "Stuart and the Ave" on it?Insomniac
71%
What was their original name?Sweet Children
64%
What did Billie Joe name his first guitar?Blue
57%
What show did Green Day make a cameo in to sing the show's theme song?The Simpsons
57%
What company does Mike Dirnt partner with to make his signature basses?Fender
50%
Who first joined the band as a touring member, then eventually joined the band officially in the early 2010s?Jason White
50%
What record label produced Green Day's first two records?Lookout! Records
50%
Where did Green Day play most of their earliest shows, and were eventually banned from after their signing to a major label?924 Gilman Street
43%
Who was Green Day's original drummer?Al Sobrante/John Kiffmeyer
43%
What company does Billie Joe Armstrong partner with to make his signature guitars?Gibson
36%
What is Mike Dirnt's real full name?Michael Ryan Pritchard
36%
What is Tre Cool's real full name?Frank Edwin Wright III
29%
What band was Tre Cool original in before joining Green Day?The Lookouts
21%
The songs '2000 Light Years Away', 'Redundant', 'When It's Time', and 'Youngblood' (among others) are all about the same person. Who is that person?His wife, Adrienne (80)
14%

Score Distribution

Percentile by Number Answered

Percent of People with Each Score

Your Score History

You have not taken this quiz